Разработка и исследование устройств защиты от замыканий на землю и для настройки компенсации емкостного тока в сетях 6 - 10 кВ. Ч. II.: заключительный отчет о НИР; тема : х/д 9-84/81

Podrobná bibliografie
Korporativní autor: Томский политехнический институт (ТПИ) (595)
Další autoři: Вайнштейн Р. А. Роберт Александрович (руководитель), Потемкин В. В. (исполнитель)
Shrnutí:Передано в Государственный архив Томской области
Jazyk:ruština
Vydáno: Томск, 1986
Témata:
Médium: Kniha
KOHA link:https://koha.lib.tpu.ru/cgi-bin/koha/opac-detail.pl?biblionumber=153856

MARC

LEADER 00000nbm0a2200000 4500
001 153856
005 20231214153207.0
029 0 0 |a SU  |b 01830054413  |f ТПУ 
035 |a (RuTPU)RU\TPU\book\166901 
035 |a RU\TPU\book\166900 
090 |a 153856 
100 |a 20090217d1986 k y0rusy50 ca 
101 0 |a rus 
102 |a RU 
105 |a a p 001zy 
200 1 |a Разработка и исследование устройств защиты от замыканий на землю и для настройки компенсации емкостного тока в сетях 6 - 10 кВ. Ч. II.  |e заключительный отчет о НИР  |e тема : х/д 9-84/81  |f Томский политехнический институт (ТПИ) ; рук. Р. А. Вайнштейн ; исп. В. В. Потемкин 
210 |a Томск  |d 1986 
215 |a 68 л. 
320 |a Библиогр.: с. 58 - 68. 
333 |a Передано в Государственный архив Томской области 
610 1 |a труды учёных ТПУ 
702 1 |a Вайнштейн  |b Р. А.  |c специалист в области электроэнергетики  |c профессор Томского политехнического университета, доктор технических наук  |f 1937-  |g Роберт Александрович  |3 (RuTPU)RU\TPU\pers\26489  |4 673  |9 12191 
702 1 |a Потемкин  |b В. В.  |4 677 
712 0 2 |a Томский политехнический институт (ТПИ)  |c (1944-1991)  |3 (RuTPU)RU\TPU\col\1123  |4 595 
801 1 |a RU  |b 63413507  |c 20090217  |g PSBO 
801 2 |a RU  |b 63413507  |c 20140508  |g PSBO 
942 |c BK